| 000 | 00529nam a2200157 a 4500 | ||
|---|---|---|---|
| 001 | 000047659 | ||
| 005 | 20201002060648.0 | ||
| 008 | 180716s2017 dr ac 000 0 spa d | ||
| 040 |
_aDO-SdBNP _bspa _cBNPHU |
||
| 082 |
_axxx _bxxx |
||
| 245 | 0 | 0 |
_aJesuitas : _bla misión en República Dominicana / _cpresentación Javier Vidal González. |
| 260 |
_aSanto Domingo, : _bCompañía de Jesús, _c2017. |
||
| 300 |
_a31 p. : _bil., retrs. ; _c27 cm. |
||
| 590 | _aInventariado, 2018/ YL | ||
| 700 | 1 |
_aVidal González, Javier _epres. _975267 |
|
| 999 |
_c47147 _d47147 |
||